<?xml version="1.0" encoding="UTF-8"?>
<marc:record xmlns:marc="http://www.loc.gov/MARC21/slim">
   <marc:leader>00000nam a2200000 a 4500</marc:leader>
   <marc:datafield ind1="0" ind2="0" tag="245">
      <marc:subfield code="a">Luca tanzt leise</marc:subfield>
   </marc:datafield>
   <marc:datafield ind1=" " ind2="1" tag="264">
      <marc:subfield code="a">Berlin</marc:subfield>
      <marc:subfield code="b">Darling</marc:subfield>
      <marc:subfield code="c">2017</marc:subfield>
   </marc:datafield>
   <marc:datafield ind1="1" ind2=" " tag="490">
      <marc:subfield code="a">4</marc:subfield>
   </marc:datafield>
   <marc:datafield ind1="1" ind2=" " tag="520">
      <marc:subfield code="a">Wann gelingt es eigentlich, dieses "Leben"? Wenn man Mathe versteht und das Abi schafft? Wenn man weiß, wie man sich krankschreiben lässt, um die Prüfungen zu verschieben? Wenn man den richtigen Typen findet, der einen liebt und begehrt - und der kein Arschloch ist? Luca weiß ziemlich gut, wie das ist, wenn Aufstehen, Essen, Anziehen einfach nicht funktionieren. Es gab zehn  dunkle Jahre in ihrem Leben. Nun hat sie einen kleinen Hund, Mata, gerettet aus einer Tötungsstation in Bulgarien. Für den steht sie auf und geht raus. Und versucht es mit dem Abitur im zweiten Bildungsweg. Damit es nicht an Mathe scheitert, schließt Luca mit ihrem Sitznachbarn Kurt einen Deal: Sie hilft  ihm mit Englisch. Dafür erklärt er ihr Mathe.</marc:subfield>
   </marc:datafield>
   <marc:datafield ind1=" " ind2=" " tag="020">
      <marc:subfield code="a">4059473000020</marc:subfield>
      <marc:subfield code="9">4059473000020</marc:subfield>
   </marc:datafield>
   <marc:datafield ind1="0" ind2=" " tag="490">
      <marc:subfield code="v">0</marc:subfield>
   </marc:datafield>
   <marc:datafield ind1=" " ind2=" " tag="300">
      <marc:subfield code="a">ca. 70 Min.</marc:subfield>
   </marc:datafield>
</marc:record>
